Outkast - ATLiens tracklist - Statistics

General Stats
  • This quiz has been taken 48 times
  • The average score is 8 of 15
Answer Stats
# Answer % Correct
3. ATLiens
79%
6. Elevators (Me & You)
73%
15. Elevators (ONP 86 Mix)
73%
4. Wheelz of Steel
70%
8. Babylon
55%
14. 13th Floor / Growing Old
52%
5. Jazzy Belle
52%
2. Two Dope Boyz (In a Cadillac)
52%
10. Mainstream
45%
12. Millennium
45%
1. You May Die (Intro)
45%
7. Ova da Wudz
42%
9. Wailin'
42%
11. Decatur Psalm
39%
13. E.T. (Extraterrestrial)
36%
No matching quizzes found
Score Distribution
Percent of People with Each Score
Percentile by Number Answered
Your Score History
You have not taken this quiz